| 000 | 01642nam a2200277 a 4500 | ||
|---|---|---|---|
| 001 | BRCA_3454 | ||
| 005 | 20190320204306.0 | ||
| 041 | _aspa | ||
| 044 | _asp | ||
| 084 |
_a743 _b.D45 _c1900 |
||
| 100 | 1 |
_aDelgado, Jacinto María _99029 |
|
| 245 | 1 | 0 |
_aAdiciones a la historia del ingenioso hidalgo Don Quixote de la Mancha _ben que se prosiguen los sucesos ocurridos a su escudero el famoso Sancho Panza _cescrita en arábigo por Cide-Hamete Benengeli ; traducido al castellano por Don Jacinto María Delgado. |
| 260 |
_aMadrid _bBlas Román _c[1900] |
||
| 300 |
_a374 p. _c15 cm. |
||
| 500 | _aContenido : Dedicatoria al público de Madrid. Censura. Carta crítica-legal. Prólogo. Notas. Texto | ||
| 500 | _aContinuación de la novela, descabellada de pies a cabeza, puesto que el Duque aragonés nombra a Sancho barón y consultor de Cámara. Éste hace mil locuras y muere a resultas de una apoplejía producida por una copiosa comida. El autor nos presenta, por lo tanto, a un Sancho totalmente distinto del Sancho Panza cervantino. La obra pretende ser una parodia de algunas costumbres extranjeras introducidas en España en imitación de las francesas. Piel; lomera adornada con dorados Lúdovik Osterc | ||
| 500 | _aQMB60 | ||
| 650 | 1 | 4 |
_aNovela española _yÉpoca clásica, 1500-1700 _9215 |
| 650 | 1 | 4 |
_aLiteratura española _yÉpoca clásica, 1500-1700 _9216 |
| 650 | 1 | 4 |
_aNovela española _ySiglo XVII _9217 |
| 650 | 1 | 4 |
_aDon Quijote (Personaje ficticio) _eNovela _9218 |
| 700 | 1 |
_aCide Hamete Benengeli (Personaje ficticio) _99030 |
|
| 740 | 0 | _aEl Ingenioso Hidalgo Don Quijote de la Mancha | |
| 902 | _aQFM | ||
| 942 |
_2lcc _cB |
||
| 999 |
_c3190 _d3190 |
||